|
|
|
|
| LEADER |
01021cam a2200229 7i4500 |
| 001 |
0000145189 |
| 005 |
20180206090000.0 |
| 002 |
0000010299 |
| 008 |
171129s2016 my acd xt 0 engr |
| 090 |
0 |
0 |
|a SF 458 .G6
|b N8 2016
|
| 100 |
0 |
# |
|a Nurulhuda cMahmood
|
| 245 |
1 |
0 |
|a Effect of entada rheedii's extract on argulus japonicus from goldfish
|c Nurulhuda Mahmood.
|
| 260 |
# |
# |
|a Terengganu:
|b Universiti Malaysia Terengganu,
|c 2016.
|
| 300 |
|
|
|a xviii, 87 p.:
|b col., ill.;
|c 30 cm..
|
| 500 |
# |
# |
|a PPSPA is an abbreviation for School of Fisheries & Aquaculture Sciences
|
| 502 |
# |
# |
|a Tesis PPSPA (Degree of Master of Science) 2016
|
| 504 |
0 |
0 |
|a Includes bibliographical references.
|
| 520 |
0 |
# |
|a Goldfish is a familiar ornamental fish in Malaysia. The culture and breeding of goldfish has contributed to the country economy through import and export activities...
|
| 602 |
# |
# |
|a Tesis PPSPA 2016
|
| 650 |
0 |
0 |
|a Goldfish
|
| 999 |
|
|
|a 1100101384
|b CD-ROM
|c Tesis
|e KOLEKSI KHAS
|
| 999 |
|
|
|a 1100101383
|b Book
|c Tesis
|e KOLEKSI KHAS
|